El cazo de Lorenzo

Salvato in:
Dettagli Bibliografici
Autore principale: Carrier, Isabelle (Autore)
Natura: Libro
Lingua:spagnolo
Pubblicazione: Barcelona Juventud 2014
Edizione:6a. ed
Soggetti:
Tags: Aggiungi Tag
Nessun Tag, puoi essere il primo ad aggiungerne!!

MARC

LEADER 00000cam a2200000 a 4500
001 UCE9572
003 CL-VaPUC
008 151029e20140000sp |||||||||||||||||spa|d
020 |a 9788426137814 
082 0 4 |a 808.068  |b CAR  |2 21 
100 0 |a Carrier, Isabelle  |e author  |9 582447 
245 1 3 |a El cazo de Lorenzo 
250 |a 6a. ed 
300 |a 32 p 
942 |c BK 
945 |d 20151029 22:28:00  |a dcastane 
260 |a Barcelona  |b Juventud  |c 2014 
650 0 |a Literatura infantil   |9 307465 
650 0 |a Cuentos infantiles  |9 308044 
583 |a last modification  |c 20151029 22:28:00  |k Rodrigo Vera 
999 |c 361236  |d 361234 
952 |0 0  |1 0  |3 erd  |4 0  |6 808_068000000000000_CAR_2014  |7 0  |8 A  |9 471634  |a BIBEDU  |b BIBEDU  |i 5245478  |l 8  |o 808.068 CAR 2014  |p 5245478  |r 2024-11-18  |s 2024-11-14  |w 2019-11-24  |y BK  |z Catalogado en:20151029  |k EPE